LIBRARY & INFORMATION CENTRE, KCAET, TAVANUR

ONLINE PUBLIC ACCESS CATALOGUE (OPAC)

Normal view MARC view
  • Athira, V. B

Entry Personal Name

Number of records used in: 1

001 - CONTROL NUMBER

  • control field: 4740

003 - CONTROL NUMBER IDENTIFIER

  • control field: OSt

005 - DATE AND TIME OF LATEST TRANSACTION

  • control field: 20200825104051.0

008 - FIXED-LENGTH DATA ELEMENTS

  • fixed length control field: 200825|| aca||aabn | a|a d

040 ## - CATALOGING SOURCE

  • Original cataloging agency: OSt
  • Transcribing agency: OSt

100 ## - HEADING--PERSONAL NAME

  • Personal name: Athira, V. B
  • Personal name: Greeshma, P. R
  • Personal name: Reshma, M
  • Personal name: Silpa, A. s

670 ## - SOURCE DATA FOUND

  • Source citation: Work cat.: (OSt): Athira, V. B Greeshma, P. R Reshma, M Silpa, A. s, Development process protocol for extraction of pectin from different fruit peel, 2019
free website counter